Whatbis antiracism?: And why it means anticapitalism (Record no. 1309895)

MARC details
000 -LEADER
fixed length control field 01209nam a2200217 4500
005 - DATE AND TIME OF LATEST TRANSACTION
control field 20250501142113.0
008 - FIXED-LENGTH DATA ELEMENTS--GENERAL INFORMATION
fixed length control field 250501b |||||||| |||| 00| 0 eng d
020 ## - INTERNATIONAL STANDARD BOOK NUMBER
International Standard Book Number 9781839762765
037 ## - SOURCE OF ACQUISITION
Terms of availability Textual
040 ## - CATALOGING SOURCE
Original cataloging agency RTL
Transcribing agency RTL
084 ## - COLON CLASSIFICATION NUMBER
Classification number Y7 R3
Assigning agency RTL
100 ## - MAIN ENTRY--PERSONAL NAME
Personal name Kundnani, Arun
9 (RLIN) 288147
245 ## - TITLE STATEMENT
Title Whatbis antiracism?: And why it means anticapitalism
260 ## - PUBLICATION, DISTRIBUTION, ETC.
Place of publication, distribution, etc. London
Name of publisher, distributor, etc. Verso
Date of publication, distribution, etc. 2023
300 ## - PHYSICAL DESCRIPTION
Extent 298 p. ill.
Other physical details Includes notes and index
520 ## - SUMMARY, ETC.
Summary, etc. ABOUT WHAT IS ANTIRACISM?<br/>This scintillating intellectual and political history provides a new understanding of racism, and a better way to fight it<br/><br/>Liberals have been arguing for nearly a century that racism is fundamentally an individual problem of extremist beliefs. Responding to Nazism, thinkers like gay rights pioneer Magnus Hirschfeld and anthropologist Ruth Benedict called for teaching people, especially poor people, to be less prejudiced. Here lies the origin of today’s liberal antiracism, from diversity training to Hollywood activism. Meanwhile, a more radical antiracism flowered in the Third World.
650 ## - SUBJECT ADDED ENTRY--TOPICAL TERM
Topical term or geographic name entry element Anti-racism
9 (RLIN) 753674
650 ## - SUBJECT ADDED ENTRY--TOPICAL TERM
Topical term or geographic name entry element Racism
650 ## - SUBJECT ADDED ENTRY--TOPICAL TERM
Topical term or geographic name entry element Capitalism
942 ## - ADDED ENTRY ELEMENTS (KOHA)
Source of classification or shelving scheme Colon Classification (CC)
Suppress in OPAC No
Koha item type Textbook
Classification part Y7 R3
Holdings
Withdrawn status Lost status Source of classification or shelving scheme Damaged status Not for loan Home library Current library Date acquired Total Checkouts Full call number Barcode Date last seen Price effective from Koha item type
    Colon Classification (CC)     Ratan Tata Library Ratan Tata Library 2025-05-01   Y7 R3 RT1528454 2025-05-01 2025-05-01 Textbook
Copyright @ Delhi University Library System